[Event "13th Norway Chess Women"]
[Site "Stavanger NOR"]
[Date "2025.06.02"]
[Round "7.1"]
[White "Ju, Wenjun"]
[Black "Khademalsharieh, Sarasadat"]
[Result "1-0"]
[Annotator "Tactical Analysis 7.0"]
[WhiteElo "2580"]
[BlackElo "2449"]
[PlyCount "145"]
[GameId "2184592909660261"]
[EventDate "2025.05.26"]

1. c4 Nf6 2. Nf3 e6 3. g3 d5 4. Bg2 d4 5. O-O c5 6. e3 Nc6 7. exd4 cxd4 8. d3 Bc5 {A13: English Opening: 1...e6.} 9. Re1 O-O 10. Bg5 $5 {[%mdl 4] Exploring less charted territory.} h6 {The position is equal.} 11. Bxf6 Qxf6 12. Nbd2 Qd8 13. a3 {White wants to play b4.} a5 14. Ne5 Nxe5 15. Rxe5 Qc7 {Black is weak on the light squares} 16. Qh5 Be7 17. Rae1 $146 ({Predecessor:} 17. Rb5 Ra7 18. Qf3 Bd7 19. Rh5 g6 20. Rxh6 Kg7 21. Rh3 e5 22. Qe2 Bxh3 23. Bxh3 {0-1 Deshpande,A (2281)-Atienza Alvarez,J (2039) Monteolivete op 3rd Alboraia 2023 (3)}) 17... Bd7 18. f4 Ra6 {[%cal Ba8a6,Ba6b6,Bb6b5][%mdl 32]} 19. R5e2 a4 20. Nf3 {[#]} b5 $1 21. cxb5 (21. Nxd4 $2 Bc5 22. Kh1 (22. Re4 $2 Rd6 $19) 22... Bxd4 $19) (21. Ne5 Be8) 21... Rb6 22. Ne5 (22. Nxd4 $2 Bc5 23. Re4 f5 $19 (23... Bxb5 $2 24. Kh1 $19) (23... Rxb5 $2 24. Qe5 $19)) 22... Rxb5 (22... Bxb5 $5 23. Rd2 Bd6 $15) 23. Qf3 $1 {[%cal Of4f5]} Rfb8 {[#]} 24. f5 $1 Bg5 {and ...Be3+ should not be overlooked} (24... exf5 $2 25. Nxd7 Qxd7 26. Rxe7 $18) 25. Nxd7 Qxd7 26. fxe6 fxe6 27. Bh3 Be3+ (27... Rxb2 $2 28. Bxe6+ $18) 28. Kh1 Re5 (28... Qd5 29. Qxd5 exd5 30. Rf1 Rxb2 31. Be6+ Kh7) 29. Rf1 Qc7 30. Qg4 Rf5 31. Ree1 Qb7+ 32. Bg2 Qf7 33. Qe2 Rf8 (33... Rc8 $11) 34. Rxf5 exf5 35. Qc2 Rb8 36. Qxa4 Rxb2 37. Qa8+ Kh7 38. Bd5 Rb8 {[%mdl 64] Deflection} 39. Qc6 (39. Bxf7 {simplifies} Rxa8 40. Ra1 Bd2 41. Ra2) 39... Qe7 40. a4 Qb4 {[#]} ({Black should try} 40... Qa3 $1 $14) 41. Rf1 $1 $18 {[%cal Oc6e6]} Qc3 (41... h5 $142 42. Bf7 (42. Rxf5 Qe1+ 43. Kg2 Qe2+ 44. Kh3 Qg4+ 45. Kg2 Rb2+ {[%mdl 64] Skewer}) 42... Qb7 43. Qxb7 Rxb7 44. Rxf5 (44. Bxh5 Bd2 $14) (44. Bd5 Ra7 $16) 44... g6) 42. Bc4 (42. Rxf5 $18 {[%cal Oa4a5] a5! is the strong threat.} Rb2 (42... Qxd3 $2 {perishes.} 43. Be4 $18) (42... Rb1+ 43. Kg2 $16) 43. Rf1 Qxc6 44. Bxc6) {A mistake that costs the game.} 42... Qd2 $2 (42... Qa5 $16 {is a better defense.}) 43. Be6 Qe2 {[%cal Re2f1]} 44. Bxf5+ Kh8 {[%cal Re2f1]} 45. Qg2 Qxg2+ 46. Kxg2 {[%mdl 4096] Endgame KRB-KRB. White is a pawn up.} Bd2 47. Bg6 Kg8 48. h4 Bb4 $2 (48... Ra8 49. Rf2 Be3) 49. Rf5 Ra8 50. Bf7+ Kh7 51. Rb5 Bd6 52. Rd5 {[%csl LRd4,LRd6]} Be7 53. Rxd4 Bf6 54. Re4 g6 55. Be8 Kg7 56. Kf3 Rd8 57. Bb5 Rd5 58. Re6 Rf5+ (58... h5 $142 59. Ke4 Rd4+ 60. Ke3 Rb4) 59. Ke4 {White is clearly winning.} Rf1 60. a5 {[%cal Ba4a5,Ba5a6][%mdl 32]} Rb1 61. Bc4 Re1+ 62. Kd5 Ra1 63. a6 Ra5+ 64. Ke4 h5 65. Rc6 Re5+ 66. Kf4 Re7 67. Rb6 Be5+ 68. Kf3 Rc7 69. Bd5 Re7 70. Be4 Rf7+ 71. Kg2 Bf6 72. Rd6 Rc7 {Weighted Error Value: White=0.10 (very precise) /Black=0.24 (precise)} 73. Kh3 1-0

[Event "13th Norway Chess Women"]
[Site "Stavanger NOR"]
[Date "2025.06.02"]
[Round "7.2"]
[White "Lei, Tingjie"]
[Black "Vaishali, Rameshbabu"]
[Result "1-0"]
[Annotator "Tactical Analysis 7.0"]
[WhiteElo "2552"]
[BlackElo "2475"]
[PlyCount "91"]
[GameId "2184600741552484"]
[EventDate "2025.05.26"]

1. e4 e5 2. Nf3 Nc6 3. Bc4 Nf6 4. d3 Bc5 5. Nc3 h6 6. h3 d6 7. Na4 Bb6 {C50: Hungarian Defence and Giuoco Pianissimo.} 8. a3 $1 {[%mdl 4] is recently more successful than 8.Nxb6.} Be6 9. Bxe6 fxe6 {The position is equal.} 10. b4 O-O 11. O-O Qe8 12. Bb2 $5 {[%mdl 4] An interesting side line.} Nh5 13. Nxb6 axb6 14. g3 Qf7 $146 ({Predecessor:} 14... Rf6 15. Nh2 Qg6 16. b5 Nd4 17. Bxd4 exd4 18. e5 dxe5 19. Qg4 Qf5 20. Rae1 Rxa3 21. Qxf5 exf5 22. Rxe5 {½-½ Mamedov,R (2646)-Nihal,S (2677) Chess.com Rapid CGC KO Chess.com INT 2022 (1.2)}) 15. Nh2 (15. Nd2 Qg6 16. Qg4 Qxg4 17. hxg4 Nf6 18. f3) 15... Nd4 (15... b5 16. Qe2 Nf6 17. Ng4 Qg6) 16. c3 (16. Bxd4 {simplifies} exd4 17. e5 dxe5 18. Ng4) 16... Nf3+ 17. Nxf3 Qxf3 18. Qxf3 (18. c4 {is interesting.} Nxg3 19. Qxf3 Rxf3 20. fxg3 Rxg3+ 21. Kh2) 18... Rxf3 19. Rad1 b5 20. Kg2 Rf7 21. c4 bxc4 22. dxc4 Nf6 23. Rfe1 Nd7 24. Re2 Nb6 (24... b6 $11 {deserves consideration.}) 25. Rc2 $14 Rd7 26. Rd3 Kf7 27. c5 dxc5 28. Rf3+ Kg8 29. bxc5 (29. Bxe5 c4 $11) 29... Na4 30. Ba1 {[%cal Oc5c6] And now c6! would win.} Ra5 31. c6 (31. Bxe5 Nxc5 32. Rfc3 b6 $11) 31... bxc6 32. Rxc6 Nc5 {[#]} 33. Bc3 $1 ({But not} 33. Bxe5 $6 Nd3 34. Bc3 (34. Bxc7 $2 {is the wrong capture.} Rxc7 35. Rxc7 Ne1+ {[%csl Of3,Og2][%mdl 64] Deflection, Double Attack} 36. Kh2 Nxf3+ 37. Kg2 Rxa3 $19) 34... Rxa3 $11) 33... Rb5 34. Re3 $36 {[%cal Oh3h4][%mdl 2048] White is really pushing. White is more active.} Nd3 35. a4 {[%cal Ba3a4,Ba4a5,Ba5a6][%mdl 32]} Rb6 {[#]} 36. Rc4 (36. Rxc7 $1 $16 Rxc7 37. Ba5) 36... Rb3 $11 37. Re2 Ra3 38. a5 {This costs Black the game.} Nc1 $2 {[%mdl 8192]} (38... c5 $11 {and Black is okay.}) 39. Bb2 $18 {[%csl Oc1][%mdl 64] Discovered Attack, Double Attack} Nxe2 40. Bxa3 {[%mdl 4096] Endgame KRB-KRN. White is clearly winning.} Nd4 41. a6 Nb5 42. Bb2 Na7 (42... Rd2 $142 43. Bxe5 Ra2) 43. Bxe5 c6 44. Bb8 Nb5 45. Rxc6 Kf7 {Weighted Error Value: White=0.07 (flawless) /Black=0.39} 46. Rb6 1-0

[Event "13th Norway Chess 2025"]
[Site "Stavanger NOR"]
[Date "2025.06.02"]
[Round "7.1"]
[White "Gukesh, D.."]
[Black "Erigaisi, Arjun"]
[Result "1-0"]
[Annotator "Tactical Analysis 7.0"]
[WhiteElo "2787"]
[BlackElo "2782"]
[PlyCount "183"]
[GameId "2184604788712246"]
[EventDate "2025.05.26"]

1. e4 d6 2. d4 Nf6 3. Nc3 g6 4. Nf3 Bg7 5. Bc4 O-O 6. h3 Nxe4 7. Bxf7+ Rxf7 8. Nxe4 d5 9. Nc3 $5 {[%mdl 4]} c5 $146 ({Predecessor:} 9... c6 10. O-O Bf5 11. Qe2 Na6 12. Re1 h6 13. g4 Bd7 14. Ne5 Bxe5 15. Qxe5 Qf8 16. Ne2 Rc8 17. Nf4 g5 18. Ng6 Qg7 19. Nxe7+ {1-0 Nguyen,T (1950)-Nguyen,H (1696) VIE-chT Hanoi 2023 (8)}) 10. O-O $6 (10. dxc5 $11 Nc6 11. Ng5 (11. Nxd5 Nd4 $11)) 10... cxd4 $17 {Black is better.} 11. Nxd4 Nc6 $1 12. Nf3 d4 13. Ne4 Qd5 14. Re1 h6 15. c3 $6 (15. Nh2 $142) 15... d3 $6 {This breaking of the tension isn't best.} (15... Bf5 $17 16. Qd3 Raf8) 16. Re3 {[%cal Oe4g3]} (16. Qb3 Qxb3 17. axb3 Bxh3 18. Nfg5) 16... Bf5 17. Ng3 Rd8 $36 {[%mdl 2048] Black has good play.} 18. Bd2 $1 e5 19. Ne1 $2 {According to the computer black has a large advantage now.} (19. Qb3 $15) 19... e4 $19 20. f3 exf3 (20... Qc5 $1) 21. Nxf3 Be6 22. Ne4 (22. Nf1 $17) 22... Ne5 $1 23. Nxe5 Bxe5 {A strong pair of Bishops.} (23... Qxe5 24. Ng5 Qxg5 25. Rxe6 $11) 24. Qe1 {White is weak on the light squares} Rdf8 (24... Bc7 $5) 25. Ng3 Bf4 {Allowing white to more or less equalise.} (25... Rf2 $1) 26. Rxe6 $11 Bxd2 27. Rxg6+ (27. Qe4 Qxe4 28. Rxe4 Bf4 $17) 27... Kh7 28. Qe6 {Really sharp!} Qxe6 (28... Be3+ {with more complications.} 29. Kh1 Qxe6 30. Rxe6 Bg5) 29. Rxe6 Bf4 30. Nf1 Bc7 {Threatens to win with ...Bb6+.} 31. Rd1 {[%cal Of1h2]} Rd7 $6 {Now white is better.} (31... Bb6+ $11 32. Ne3 Rd8) (31... Kg8) 32. Nd2 $16 Bb6+ (32... h5 $142) 33. Kh1 Kg7 34. Nf3 $1 Rf6 (34... Kg8 $16 35. Ne5 (35. Rxh6 Re8 $16) 35... Rdd8) 35. Re4 {Not the most precise.} (35. Rxf6 $1 $18 Kxf6 36. Nd4) 35... Rfd6 (35... a5 $16 36. Re8 (36. Ne5 Re7 $16) 36... Bc5) 36. Ne5 $2 $11 {It's about equal.} (36. g3 $18) 36... Rd8 $2 (36... Re7 $1 $11) 37. Rg4+ (37. Nc4 $1) 37... Kf6 38. Nc4 Rc6 39. Rf1+ $6 {Not the most precise.} (39. Rf4+ $16 Kg5 40. Rg4+ Kf6 41. Rf1+ Ke6 42. a4) 39... Ke7 $14 40. Rg7+ Ke8 $2 (40... Ke6 $14 41. b3 Rxc4 (41... d2 42. Rd1 $16) 42. bxc4 Kd6) 41. Rg8+ $2 (41. Ne5 $18 {[%cal Of1f7] Threatening mate with Rff7!.} Re6 42. Rg8+ Ke7 43. Rxd8 {[%mdl 64] Remove Defender} Kxd8 44. Nxd3) 41... Ke7 $16 42. Rg7+ $6 (42. Rxd8 $1 $16 Bxd8 43. Ne5) 42... Ke8 $2 ({Black should try} 42... Ke6 $14 43. Rg4 Bc7) 43. Ne5 $18 {[%cal Of1f7]} Re6 44. Rg8+ Ke7 45. Rg7+ Ke8 46. Rg8+ Ke7 47. Rxd8 {[%mdl 64] Remove Defender} (47. Rf7+ Kd6 48. Rxd8+ Bxd8 49. Nxd3) 47... Kxd8 48. Nxd3 {[%mdl 4096]} Re2 49. a4 Rd2 50. Rf3 a5 51. h4 Ke7 $2 (51... Bc7 $142 52. Kg1 b6) 52. Kh2 Ke6 53. b4 (53. c4) 53... Kd5 (53... Ra2 $142 54. bxa5 Bxa5 55. Nc5+ Ke7 56. Nxb7 Bc7+ 57. Kh3 Rxa4 58. Re3+ Kf7) 54. bxa5 Bc7+ 55. Kh3 Kc4 56. Nf2 Bxa5 57. Ng4 (57. Ne4 $1) 57... Rd6 58. Ne3+ Kb3 {[%cal Od6d3]} 59. Nf5 Ra6 60. Kg4 $6 {Black is right back in it.} (60. Rd3 $16) 60... Kxa4 (60... Bxc3 $14 61. Kh5 Rxa4) 61. Kh5 $1 $16 {[%cal Of5d4]} Rc6 $2 {This should lose.} (61... Kb3 $16) 62. Rf4+ $1 $18 (62. Nxh6 Bxc3 63. g4 b5 $14) 62... Ka3 {[#]} 63. c4 $2 {Black back in it again.} (63. Nxh6 b5 $14) (63. Nd4 $1 $18 {[%cal Rd4c6] wins} Rb6 64. c4) 63... Bd2 $16 64. Rd4 Bc3 $2 {[%mdl 8192]} (64... Bc1 $16) 65. Rd5 (65. Rd7) 65... Ka4 66. Rb5 ({Weaker is} 66. Nxh6 Rxc4 67. Nf5 b5 $11) 66... b6 67. Nxh6 Ba5 68. Nf5 Rxc4 69. Rb1 b5 (69... Rc8 $142 70. Kg4 Rc4+ 71. Kh5 Rc8) 70. Ra1+ $18 Kb4 71. g4 Rc5 72. Kg6 Rc6+ $2 (72... Bc7 {is a better defense.} 73. g5 Be5) 73. Kf7 Rc7+ 74. Kg6 Rc6+ 75. Kf7 Rc7+ 76. Ke6 Rc6+ 77. Kd7 Rc7+ 78. Kd6 Rc4 79. Rb1+ Ka4 {[#]} (79... Kc3 $142 80. g5 (80. Rxb5 Bb4+ 81. Rxb4 Rxb4 $18) 80... Rg4) 80. Ra1+ $1 Kb4 81. g5 Bc7+ 82. Ke6 Re4+ 83. Kf7 Be5 84. Rf1 Ka3 85. Rf3+ Ka2 (85... Kb2 $142 86. h5 b4) 86. Re3 Rxe3 87. Nxe3 b4 88. g6 Kb1 89. Nc4 Bc3 90. g7 Bxg7 91. Kxg7 Kc2 92. Na5 1-0

[Event "13th Norway Chess 2025"]
[Site "Stavanger NOR"]
[Date "2025.06.02"]
[Round "7.3"]
[White "Caruana, Fabiano"]
[Black "Wei, Yi"]
[Result "1-0"]
[Annotator "Tactical Analysis 7.0"]
[WhiteElo "2776"]
[BlackElo "2758"]
[PlyCount "109"]
[GameId "2184614816670766"]
[EventDate "2025.05.26"]

1. Nf3 Nf6 2. g3 c5 3. Bg2 d5 4. O-O g6 5. d3 Bg7 6. Be3 {A08: King's Indian Attack.} d4 7. Bf4 O-O 8. c3 {The position is equal.} Be6 $146 ({Predecessor:} 8... Nc6 9. Ne5 Nd5 10. Nxc6 bxc6 11. Bd2 Qb6 12. Qc1 Rb8 13. c4 Nc7 14. b3 a5 {1-0 Caruana,F (2796)-Vidit,S (2720) Zagreb Superbet Rapid 2024 (1)}) 9. Qa4 {[%cal Rc3d4]} Nc6 10. Ne5 {Against Qd7} Nd5 11. Nxc6 bxc6 12. Bd2 {[#]} (12. Qxc6 Nxf4 (12... dxc3 13. Nxc3 Nxf4 14. gxf4 $15) 13. gxf4 Rb8 $17) 12... c4 $1 13. dxc4 (13. Qxc6 cxd3) 13... Nb6 {[%csl LRa4,LRc4]} 14. Qc2 Nxc4 {aiming for ...Rb8.} 15. cxd4 $1 Nxd2 16. Nxd2 Qxd4 17. b3 $1 a5 18. Rad1 a4 19. Bxc6 Rac8 20. Nc4 {Prevents Qd6.} axb3 21. axb3 Qc3 22. Qxc3 Bxc3 23. Bd5 Bh3 {A strong pair of Bishops.} 24. Bg2 Be6 25. Nb6 Rb8 26. Nd7 Bxd7 27. Rxd7 e6 28. Bb7 Rfd8 29. Rxd8+ Rxd8 $11 {[%mdl 4096] Endgame KRB-KRB. White is a pawn up.} 30. Rc1 Ba5 31. Ba6 Rd2 32. Rc5 Ra2 33. Bc4 Bb4 34. Rb5 Be7 35. Rb7 Kf8 36. Kg2 g5 37. Bd3 Rb2 38. f4 gxf4 39. gxf4 (39. Bxh7 Rxe2+ 40. Kf3 Rxh2 $17) 39... h5 {[%cal Bh7h5,Bh5h4][%mdl 32]} {Black is on the road to losing.} 40. Kf3 h4 41. h3 Bd6 (41... Ra2 $16) 42. Kg4 $1 $18 {[%cal Of4f5]} Ra2 (42... Be7 $16 43. f5 Ra2 44. Rb8+ Kg7 45. fxe6 fxe6) 43. f5 $1 (43. Kxh4 $6 Bxf4 44. Kg4 Bd6 $14) 43... Ra1 (43... exf5+ 44. Kxh4 (44. Kxf5 Ra5+ 45. Kf6 Be5+ 46. Kg5 Bg3+ 47. Bb5 Bf2 $16) 44... Ra5) 44. fxe6 (44. Kxh4 Rg1 45. Kh5 Be7 46. fxe6 fxe6 $16) 44... fxe6 {[#]} 45. Bc4 $1 (45. Kxh4 Rg1 $16) 45... Rg1+ {[#]} 46. Kh5 $1 e5 (46... Rg7 {is a better defense.}) 47. e4 (47. Kxh4 Rg7 48. Rb6 Bc7 49. Rf6+ Ke7 $16) 47... Re1 48. Bd5 {White is clearly winning.} (48. Kxh4 Rxe4+ 49. Kh5 Rf4 $14) 48... Be7 49. b4 Re3 50. b5 {Hoping for Rb8+.} Rxh3 51. b6 Bc5 52. Rb8+ Ke7 53. b7 {[%cal Ob8e8] Re8+! would kill now.} (53. Kg4 Rg3+ 54. Kf5 (54. Kxh4 Bf2 $11) 54... Rf3+ 55. Kg4 (55. Kxe5 $2 Bd6+ 56. Kd4 Bxb8 $19) 55... Rf4+ 56. Kh3 Rf3+ 57. Kh2 (57. Kxh4 Bf2+ 58. Kg5 Rg3+ 59. Kh6 Rh3+ 60. Kg5 Rg3+ 61. Kf5 Rf3+ 62. Kg6 Rg3+ 63. Kh7 Rh3+ 64. Kg8 Rg3+ 65. Kh8 Rh3+ 66. Kg8 Rg3+ 67. Kh8 Rh3+ 68. Kg8 $11) 57... Rf2+ 58. Kh1 (58. Kh3 Rf3+ 59. Kg4 Rf4+ 60. Kh3 Rf3+ $11) 58... Rf1+ (58... Rb2 59. b7 $16) 59. Kh2 (59. Kg2 Rf2+ 60. Kh3 Rf3+ 61. Kxh4 Bf2+ 62. Kg4 Rg3+ 63. Kf5 Rf3+ 64. Kg6 Rg3+ 65. Kh7 Rh3+ 66. Kg8 Rg3+ 67. Kh8 Rh3+ 68. Kg8 Rg3+ 69. Kh8 Rh3+ 70. Kg8 $11) 59... Rf2+ (59... Rb1 $2 60. b7 $18) 60. Kh1 Rf1+ 61. Kh2 Rf2+ $11) 53... Bd6 54. Ra8 Rf3 {Weighted Error Value: White=0.05 (flawless) /Black=0.22 (precise)} 55. b8=Q ({Don't do} 55. b8=R Bxb8 56. Rxb8 h3 $18) (55. b8=N Bc5 56. Nc6+ (56. Kxh4 Bf2+ 57. Kg4 Rf4+ 58. Kh5 Kd6 $18) 56... Kd6 57. Rd8+ (57. Kxh4 Rc3 $18) 57... Kc7 58. Nxe5 (58. Kxh4 Be7+ 59. Nxe7 Kxd8 $18) 58... Kxd8 59. Nxf3 Kc7 60. Kxh4 (60. Nxh4 Kd8 $18) 60... Kd6) (55. b8=B Bxb8 56. Rxb8 h3 $18) ({Not} 55. Kxh4 Rf8 56. Rc8 Rd8 $18) 1-0

[Event "13th Norway Armageddon"]
[Site "Stavanger NOR"]
[Date "2025.06.02"]
[Round "7.2"]
[White "Carlsen, Magnus"]
[Black "Nakamura, Hikaru"]
[Result "1-0"]
[Annotator "Tactical Analysis 7.0"]
[WhiteElo "2837"]
[BlackElo "2804"]
[PlyCount "79"]
[GameId "2184621149906216"]
[EventDate "2025.05.26"]

1. d4 d5 2. c4 c6 3. Nf3 Nf6 4. Nc3 dxc4 5. g3 b5 6. Bg2 e6 7. O-O Bb7 8. Ne5 {[%mdl 1024] White has compensation.} Qc8 {E04: Open Catalan: 5 Nf3.} 9. b3 b4 (9... c5 $14) 10. Na4 $1 $16 {White has more active pieces.} (10. Ne4 Nxe4 11. Bxe4 c3 $11) 10... c3 {White is better.} 11. a3 $1 Nbd7 12. axb4 Bxb4 13. Ba3 a5 $146 {[%cal Ba7a5,Ba5b4][%mdl 32] [#]} ({Predecessor:} 13... Bxa3 14. Rxa3 c5 15. Bxb7 Qxb7 16. Nxc5 Nxc5 17. dxc5 O-O 18. c6 Qb5 19. Qd4 c2 20. Qc3 Ne4 {0-1 Sarkar,J (2338)-Nasuta,G (2518) Titled Tuesday intern op 31st Aug Chess.com INT blitz 2021 (2)}) 14. Nxc3 $1 O-O (14... Bxa3 15. Rxa3) 15. Bxb4 axb4 16. Nxd7 $1 Nxd7 17. Na4 Ba6 18. Qd2 $1 Bb5 19. Rfc1 Ra6 20. e3 (20. Qxb4 $6 Bxe2 21. Qd6 Rd8 $14) 20... Qa8 21. Qxb4 Nb6 {[%cal Rb6a4] [#]} 22. Rc5 $1 Nd5 23. Bxd5 exd5 {Black is weak on the dark squares} 24. Rcc1 h5 {[%cal Bh7h5,Bh5h4][%mdl 32]} 25. h4 (25. Qd2 $16) 25... Re8 (25... Be2 $14) 26. Qc3 Qc8 {[%cal Og7g5] [#]} 27. Nc5 ({Better is} 27. Qc2 $1 $16) 27... Rxa1 $14 28. Rxa1 g5 29. hxg5 {[%cal Oe3e4] Hoping for e4!.} h4 30. e4 $1 (30. gxh4 Qg4+ 31. Kh2 Qxh4+ 32. Kg2 Qg4+ (32... Qxg5+ 33. Kf3 f5 34. Rg1 Qxg1 35. e4 dxe4+ 36. Kf4 Qg4+ 37. Ke3 Qg5+ 38. f4 exf3+ 39. Kxf3 Qg4+ 40. Kf2 Re2+ 41. Kf1 Qg2#) 33. Kh2 Bf1 (33... Qxg5 $2 34. Rg1 $18 {[%mdl 64] Pin}) (33... Kg7 $2 34. Ne6+ Qxe6 35. e4 $19) 34. Rxf1 Kg7) 30... dxe4 {[%cal Oe4e3]} 31. Re1 (31. gxh4 $2 e3 32. f3 Qh3 $19) (31. Qe3 $1 $14 hxg3 32. Qxg3 (32. Nxe4 $2 gxf2+ 33. Kxf2 Qf5+ 34. Qf3 Qxe4 $19)) 31... Qg4 $11 32. Qe3 {[%cal Rc5e4]} hxg3 33. fxg3 (33. Nxe4 gxf2+ 34. Kxf2 Kg7 $17) 33... Kg7 34. Kg2 {[%cal Rc5e4]} Rh8 (34... Qf3+ $11 {remains equal.} 35. Kg1 (35. Qxf3 exf3+ 36. Kf2 Be2 $14) 35... Qg4) 35. Qxe4 {This move loses the game for Black.} Qh3+ {[%mdl 8192]} (35... Qxg5 $16 {is tougher.} 36. Qe5+ Qxe5 37. dxe5 (37. Rxe5 Ra8 $16) 37... Rd8) 36. Kf3 $18 Bf1 {and ...Bg2+ should not be overlooked} 37. Kf4 (37. Qxc6 $2 {loses.} Bg2+ 38. Kf4 Bxc6 $19) 37... Qh2 (37... Bg2 $18 38. Qe5+ (38. Qe7 Rh4+ {[%mdl 64] Deflection} 39. Ke3 Qxg3+ 40. Kd2 Qf2+ 41. Kc1 Bd5 $15) 38... Kg8) 38. Qe5+ {White mates.} ({Weaker is} 38. Rxf1 Rh4+ 39. Ke5 Rxe4+ 40. Nxe4 Qe2 $11) 38... Kg8 39. Rxf1 Qg2 {An entertaining game by Carlsen.   Weighted Error Value: White=0.11 (very precise) /Black=0.40} 40. Ra1 1-0

[Event "Stepan Avagyan Mem 2025"]
[Site "Jermuk ARM"]
[Date "2025.06.02"]
[Round "5.1"]
[White "Bjerre, Jonas Buhl"]
[Black "Xu, Xiangyu"]
[Result "1-0"]
[Annotator "Tactical Analysis 7.0"]
[WhiteElo "2641"]
[BlackElo "2623"]
[PlyCount "67"]
[GameId "2184624925783666"]
[EventDate "2025.05.29"]

1. e4 e6 2. d4 d5 3. e5 c5 4. c3 Nc6 5. Nf3 Bd7 6. Be2 Nge7 7. O-O Nf5 8. dxc5 {8.dxc5 scores better than 8.Bd3.} Bxc5 9. Bd3 {C02: French: Advance Variation.} O-O 10. Nbd2 a5 11. Nb3 {White is slightly better.} Bb6 12. a4 Kh8 $146 ({Predecessor:} 12... Rc8 13. Re1 Ba7 14. Qe2 Qb6 15. Ra3 Qc7 16. Bf4 Nce7 17. Nbd4 Bc5 18. Raa1 Qb6 {½-½ Shevchenko,K (2652)-Gavrilescu,D (2512) EU-ch 22nd Terme Catez 2022 (3)}) 13. Bc2 (13. Re1 $16) 13... f6 $1 $14 14. Bxf5 exf5 15. exf6 Qxf6 16. Qxd5 Be6 (16... Be8 $14 {feels stronger.}) {White now steadily converts the win.} 17. Qb5 $16 Ra6 {[#]} 18. Nbd4 $1 Bxd4 19. cxd4 Nxd4 20. Nxd4 Qxd4 21. Qxb7 Ra7 22. Qc6 Qd5 (22... Qd7 $142 23. Qb6 Bc4) 23. Qxd5 Bxd5 {[%cal Be6d5,Bd5c6,Bc6d7][%mdl 32]} 24. Re1 Kg8 25. Bd2 Rb8 (25... Bb3 $142 26. Re5 g6) 26. Re5 $18 Bc6 {[#]} 27. Bc3 (27. Bxa5 Rxb2 28. Rxf5 Bxa4 $16) 27... g6 {[%cal Bg7g6,Bg6g5][%mdl 32]} 28. f3 (28. Bxa5 Rxb2 29. h3 Rc2 $11) 28... Kf7 29. Kf2 (29. Rxa5 Rxa5 30. Bxa5 Rxb2 $16) 29... Bd7 30. Kg3 (30. Bxa5 Rxb2+ 31. Kg1 Rc2 $11) 30... Rbb7 31. h4 {[%cal Bh2h4,Bh4h5][%mdl 32] White has a decisive advantage.} (31. Rxa5 Rxa5 32. Bxa5 Rxb2 $16) 31... Rb8 32. h5 {aiming for hxg6+.} (32. Rxa5 Rxa5 33. Bxa5 Rxb2 $16) 32... g5 33. Rd1 ({Less strong is} 33. Rxa5 Rxa5 34. Bxa5 f4+ 35. Kh2 Rxb2 $14) 33... Re8 {[#]} {Weighted Error Value: White=0.08 (flawless) /Black=0.22 (precise)} 34. Rxd7+ $1 {[%mdl 576] Remove Defender} 1-0

[Event "Stepan Avagyan Mem 2025"]
[Site "Jermuk ARM"]
[Date "2025.06.02"]
[Round "5.2"]
[White "Sevian, Samuel"]
[Black "Aravindh, Chithambaram VR."]
[Result "1/2-1/2"]
[Annotator "Tactical Analysis 7.0"]
[WhiteElo "2694"]
[BlackElo "2749"]
[PlyCount "130"]
[GameId "2184627886639001"]
[EventDate "2025.05.29"]

1. e4 c5 2. Nf3 Nc6 3. Bb5 Nf6 4. Bxc6 dxc6 5. d3 Qc7 6. a4 {B30: Sicilian: 2...Nc6 3 Bb5, lines without ...g6.} e5 {[%cal Oc5c4]} 7. Na3 Be6 {[%cal Oc5c4]} 8. O-O {White is slightly better.} Be7 9. b3 h6 10. Nc4 Nd7 11. Bb2 {[%cal Rf3e5]} Bf6 12. Ra3 $146 (12. a5 $14 {deserves consideration.}) ({Predecessor:} 12. Nfd2 g5 13. Ne3 O-O-O 14. a5 h5 15. Nf5 g4 16. Nc4 Bxf5 17. exf5 e4 18. dxe4 Bxb2 19. Nxb2 {0-1 Volokitin,A (2643)-Ter Sahakyan,S (2611) Chessable Masters Play In Chess.com INT blitz 2025 (9)}) 12... O-O (12... a5 $11) 13. Qc1 Bxc4 14. bxc4 b6 15. Bc3 Rae8 16. Qb2 a6 17. Rb3 Re6 18. g3 Bd8 19. Qc1 Qd6 20. Qe3 Rg6 21. Ne1 {White is more active.} ({White should try} 21. Qe2 $16) 21... Qe6 22. Ng2 {[%cal Be1g2,Bg2e3,Be3f5][%mdl 32]} Qh3 (22... f5 $14) 23. Qe2 $1 $16 h5 {[%cal Bh6h5,Bh5h4][%mdl 32]} 24. Ne3 {Prevents f5.} h4 25. g4 Bg5 26. Nf5 $1 Re6 ({Black should try} 26... Bf4 $14 27. f3 Re6) 27. Be1 (27. f3 $6 g6 $11) (27. Bxe5 $142 $1 {And now d4 would win.} Nxe5 (27... Rxe5 28. d4 $16) 28. f4) 27... Bf4 {[%csl Gf4][%cal Rh3h2]} 28. f3 Kh7 29. Qg2 (29. Bxh4 g6 30. Qg2 (30. Be7 $2 Rg8 $19) 30... Qxg2+ 31. Kxg2 gxf5 32. exf5 Ree8 $17) (29. Nxh4 Rh6 $11) (29. Rb1 $16) 29... Qxg2+ $11 30. Kxg2 {[%cal Bg1g2,Bg2f2,Bf2e2,Be2e3][%mdl 32]} Rh8 $1 31. Nxh4 (31. Bxh4 g6 32. Bg3 gxf5 33. exf5 Rh6 $17) 31... Rh6 32. Bg3 $36 {[%mdl 2048] White fights for an advantage.} g6 {[%cal Bg7g6,Bg6g5][%mdl 32] Wards off Nf5} 33. Kf2 Bd2 $2 (33... Kg7 $11) 34. Ng2 $18 Rh3 (34... g5 $142 35. Rd1 Bf4) 35. c3 g5 36. Ne3 $1 Kg6 37. Ke2 Bxe3 38. Kxe3 f6 39. Rfb1 Rd8 40. Rxb6 Nxb6 41. Rxb6 {[%mdl 4096] Endgame KRR-KRB} Rd6 {[#]} 42. a5 $1 (42. Rxa6 Rh7 $11) 42... Rh8 {[#]} 43. d4 $2 (43. Rxa6 Rhd8 44. d4 cxd4+ 45. Kd3 (45. cxd4 $2 Rxd4 46. Be1 Rxc4 $19) 45... dxc3+ 46. Kxc3 Rd3+ 47. Kb4 Rxf3 $11) ({White must play} 43. Ke2 $1 $18) 43... cxd4+ $11 44. Kd3 dxc3+ 45. Kxc3 Rd1 {The position is equal.} 46. Kb4 Kf7 47. Rxa6 Ke7 {Strongly threatening ...Kd6.} 48. Kc5 Ra1 49. Kb6 (49. Rxc6 Rxa5+ 50. Kb6 Ra3 51. Rc7+ Ke6 52. Rc6+ Kf7 53. Rc7+ Kg6 $17) 49... Rb1+ 50. Kc7 {[%cal Og3f2]} (50. Kxc6 $2 Rc8+ 51. Kd5 Rd1#) 50... Rd8 51. Rb6 (51. Kxc6 $2 {gets mated.} Rc8+ 52. Kd5 Rd1#) (51. Rxc6 $2 Rbb8) 51... Ra1 52. a6 {[%cal Og3f2]} ({Reject} 52. Kxc6 Rxa5 53. h4 Rc8+ 54. Kb7 Rxc4 55. hxg5 fxg5 $17) 52... c5 53. Bf2 Rd7+ 54. Kb8 (54. Kc8 $5 Rd8+ $8 55. Kc7 Rd7+ 56. Kc6 Rd6+ 57. Kb7 (57. Kxc5 Rxa6 58. Rb3 Ra8 $17) 57... Rd7+ 58. Kc8 $11) 54... Rd8+ 55. Kb7 Rd7+ 56. Kb8 Rd8+ 57. Ka7 (57. Kb7 $5 Rd7+ $8 58. Kc8 Rd8+ 59. Kb7 $11) 57... Rd7+ 58. Ka8 Rd8+ 59. Ka7 (59. Kb7 $5 Rd7+ $8 60. Kc8 Rd8+ 61. Kb7 $11) 59... Rd7+ 60. Rb7 Rxb7+ $1 61. Kxb7 Kd6 62. h4 (62. a7 $5 Rb1+ $8 63. Ka6 Ra1+ 64. Kb5 Rb1+ 65. Ka6 $11) 62... Rb1+ 63. Kc8 Ra1 64. Kb7 Rb1+ 65. Kc8 {Black defended with fortune.   Weighted Error Value: White=0.12 (very precise) /Black=0.15 (very precise)} Ra1 1/2-1/2